000 00676nam a2200289Ia 4500
005 20260324113801.0
008 008 260324s9999 xx 000 0 eng d
020 _a9781032651897
037 _aEBOOK
040 _aCRL
040 _beng
040 _cCRL
041 _2eng
041 _aeng
084 _qCRL
100 _aBen Channon
_91148160
245 0 _aHappy by Design
245 2 _bA Guide to Architecture and Mental Wellbeing
260 _bTaylor and Francis
260 _c2023
365 _a
365 _b110
856 _uhttp://www.taylorfrancis.com/books/9781032651897
942 _cEBOOK
999 _c1737993
_d1737993